Falacias económicas populares / (Registro nro. 5372)
[ vista simple ]
| 000 -LEADER | |
|---|---|
| fixed length control field | 01271nam a2200313Ia 4500 |
| 003 - CONTROL NUMBER IDENTIFIER | |
| control field | OSt |
| 005 - DATE AND TIME OF LATEST TRANSACTION | |
| control field | 20210205151424.0 |
| 008 - FIXED-LENGTH DATA ELEMENTS--GENERAL INFORMATION | |
| fixed length control field | 191128t1988 sp fr 000 0 spa d |
| 020 ## - INTERNATIONAL STANDARD BOOK NUMBER | |
| International Standard Book Number | 847530463X |
| 040 ## - CATALOGING SOURCE | |
| Original cataloging agency | CO-JMCR |
| Transcribing agency | CO-JMCR |
| 041 1# - LANGUAGE CODE | |
| Language code of text/sound track or separate title | spa |
| Language code of original | eng |
| 082 04 - DEWEY DECIMAL CLASSIFICATION NUMBER | |
| Classification number | 330.04 / |
| Item number | M737f |
| Edition number | 23 |
| 100 1# - MAIN ENTRY--PERSONAL NAME | |
| Personal name | Mishan, E.J., |
| Relator term | autor |
| 9 (RLIN) | 5707 |
| 245 10 - TITLE STATEMENT | |
| Title | Falacias económicas populares / |
| Statement of responsibility, etc. | E.J. Mishan ; introducción Kurt Klappholz ; traducción de Leopoldo Pérez Pita |
| 260 ## - PUBLICATION, DISTRIBUTION, ETC. | |
| Place of publication, distribution, etc. | Barcelona : |
| Name of publisher, distributor, etc. | Orbis, |
| Date of publication, distribution, etc. | ©1988 |
| 300 ## - PHYSICAL DESCRIPTION | |
| Extent | 234 páginas ; |
| Dimensions | 20 cm. |
| 490 0# - SERIES STATEMENT | |
| Series statement | Biblioteca de economía ; |
| Volume/sequential designation | 17 |
| 500 ## - GENERAL NOTE | |
| General note | Incluye notas a pie de página. |
| 505 0# - FORMATTED CONTENTS NOTE | |
| Formatted contents note | Falacias sobre los impuestos y los controles -- Falacias sobre la empresa -- Falacias sobre comercio internacional -- Falacias sobre los movimientos migratorios -- Falacias sobre el crecimiento económico |
| 534 ## - ORIGINAL VERSION NOTE | |
| Introductory phrase | Twenty-one popular economic fallacies |
| 546 ## - LANGUAGE NOTE | |
| Language note | Traducido del inglés |
| 650 14 - SUBJECT ADDED ENTRY--TOPICAL TERM | |
| Topical term or geographic name entry element | Desarrollo económico |
| General subdivision | impuesto al consumo |
| 9 (RLIN) | 5708 |
| 650 14 - SUBJECT ADDED ENTRY--TOPICAL TERM | |
| Topical term or geographic name entry element | Migraciones |
| 9 (RLIN) | 3789 |
| 650 14 - SUBJECT ADDED ENTRY--TOPICAL TERM | |
| Topical term or geographic name entry element | Comercio internacional |
| 9 (RLIN) | 4034 |
| 650 24 - SUBJECT ADDED ENTRY--TOPICAL TERM | |
| Topical term or geographic name entry element | Empresas y empresarios |
| 9 (RLIN) | 5709 |
| 700 1# - ADDED ENTRY--PERSONAL NAME | |
| Personal name | Klappholz, Kurt, |
| Relator term | introducción |
| 9 (RLIN) | 5710 |
| 700 1# - ADDED ENTRY--PERSONAL NAME | |
| Personal name | Peréz Pita, Leopoldo, |
| Relator term | traductor |
| 9 (RLIN) | 5711 |
| 942 ## - ADDED ENTRY ELEMENTS (KOHA) | |
| Source of classification or shelving scheme | Dewey Decimal Classification |
| Koha item type | Books |
| Withdrawn status | Lost status | Source of classification or shelving scheme | Damaged status | Not for loan | Collection code | Home library | Current library | Date acquired | Source of acquisition | Cost, normal purchase price | Total Checkouts | Full call number | Barcode | Date last seen | Copy number | Koha item type |
|---|---|---|---|---|---|---|---|---|---|---|---|---|---|---|---|---|
| Dewey Decimal Classification | Non-fiction | Biblioteca Pública José María del Castillo y Rada | Biblioteca Pública José María del Castillo y Rada | 04/15/2018 | Donación | 0.00 | 330.04 / M737f | 430001772 | 05/16/2024 | Ej1 | Books |